Регионална библиотека "Любен Каравелов" - Русе

С любовта на лъвица (Запис номер 133139)

MARC детайли
000 -Лидер
Контролно поле с фиксирана дължина 01455nam a2200349 c 4500
003 - Код на организацията, давaща контролен номер
Контролно поле BLK
005 - Дата и час на последна редакция
Контролно поле 20250207132016.0
008 - Елементи от данни с фиксирана дължина
fixed length control field 180409b bul|||||r ||||||| ||bul||
010 ## - Наследен системен номер
LC control number KNG00139029000
020 ## - Международен стандартен номер на книга ISBN
Международен стандартен номер на книга ISBN 978-954-357-200-7
-- издат.: ЕМАС
040 ## - Източник на каталожния запис
Идентификатор на билиотеката - собственик на записа BLK
041 ## - Код за език
Код за езика на текст/звукозапис или на отделно заглавие Български
Код за езика КДБФ Български
072 #7 - Код за тематичната категория
Код организация bullib
Код за тематична категория Н83
Текст Чужда художествена литература Н
080 ## - УДК
Текстов определител УДК Немска литература
УДК код - определител по УДК 821.112.2
УДК определител -312.6
УДК - код + определител 821.112.2-312.6
100 1# - Редна дума - Автор
Автор Хахфелд-Тапукаи, Кристина
Авторска отговорност първи автор
R(LIN) 136556
139 ## - Редно поле
Редна дума Хахфелд-Тапукаи, Кристина
Авторски знак Хауф - Х 33
245 10 - Сведения за заглавието
Заглавие С любовта на лъвица
Подзаглавни данни Как станах съпруга на воин самбуру
Редно поле (дума) Кристина Хахфелд-Тапукаи; прев. от нем. Здравка Георгиева Евстатиева.
257 ## - Страна на издаване
Страна на създаване/издаване Германия
260 ## - Област на издателските данни
-- София
Име на издателя, разпространителя и проч. ЕМАС
Година на издаване 2010
300 ## - Физическа характеристика
Страници 416 с.
Размери/Мащаб 20 см
380 ## - Жанр
Жанр Худож. лит.
490 1# - СЕРИИ (Колекции)
Име на серия Преживяно
500 ## - Общи забележки
Забележка Ориг. загл. Mit der Liebe Einer Loewin / Cristina Hachfeld-Topukai.
659 ## - Тематичен бюлетин
Тематичен бюлетин Н
700 1# - Други автори (авторска отговорност)
Лично име Евстатиева, Здравка Георгиева
Автороска отговорност (Описва отношението между автора и произведението) прев. от нем.
9 (RLIN) 365748
852 ## - Местоположение
Форматна сигнатура Цб 258152
856 4# - Електронен адрес и достъп
Електронен формат pdf - файл
Път до файла /url/
856 4# - Електронен адрес и достъп
Електронен формат pdf - файл
Път до файла /url/
942 ## - АРТИКУЛИ
Вид на библиотечния материал Книги
Скрит в OPAC Не
Koha issues (borrowed), all copies 42
944 ## - СЪЗДАВАНЕ И РЕДАКЦИЯ на ЗАПИСА
Създаване/Редакция Създаване
Дата на регистрацията/редакция 06.02.2013
Служител, извършил регистрацията/редакцията 30531
Статус, дата на статуса Цветелина Шанова
944 ## - СЪЗДАВАНЕ И РЕДАКЦИЯ на ЗАПИСА
Създаване/Редакция Редакция
Дата на регистрацията/редакция 05.06.2014
Служител, извършил регистрацията/редакцията
999 ## - СИСТЕМНИ КОНТРОЛНИ НОМЕРА
Koha biblionumber 133139
Koha biblioitemnumber 133139
Наличности
Код за отписване Код за изгубен артикул Източник на класификационната схема Код за повреда Коз за рестрикции Код за отдаване Артикулен № Име на библиотеката - собственик Име на библиотеката, в която се намира в момента Статус (Текущо местоположение) Дата на вписване в системата Местоположение - отдел Цена в лева Инвентарен номер Систематично азбучна сигнатура Баркод Номер на екземпляра Цена в евро Служебна бележка Служебен тип на артикула
Изтеглен Не е изгубен Universal Decimal Classification Не е повреден без рестрикции заемане за дома 217142 Регионална библиотека "Любен Каравелов" Русе Регионална библиотека "Любен Каравелов" Русе Заемна - подръчен фонд 2013-02-07 Заемна - подръчен фонд 14.00 120000763502 П 830-31/Х 33 120000763502 1 7.16 Дост: DA Вид: А N: 1 Дата: 07.02.2013 Дата инв: 19.02.2018 Бележки инв: П2018 Книги
Изтеглен Не е изгубен   Не е повреден без рестрикции заемане за дома 217143 Регионална библиотека "Любен Каравелов" Русе Регионална библиотека "Любен Каравелов" Русе Заемна - подръчен фонд 2013-02-07 Заемна - подръчен фонд 14.00 120000763503 П 830-31/Х 33 120000763503 2 7.16 Дост: DA Вид: А N: 1 Дата: 07.02.2013 Дата инв: 15.02.2018 Бележки инв: П2018 Книги
  Не е изгубен   Не е повреден без рестрикции ползва се в читалня 217144 Регионална библиотека "Любен Каравелов" Русе Регионална библиотека "Любен Каравелов" Русе Хранилище 2014-06-04 Хранилище 14.00 120000777823 Цб 258152 120000777823 3 7.16 Дост: Pk Вид: Д N: 32 Дата: 29.07.2013 Книги
Vip Innovations Ltd, Rousse, Bulgaria 2025